000 00386nam a2200133Ia 4500
005 20260326235446.0
008 260326s9999||||xx |||||||||||||| ||und||
100 _aGrimaldo López, Saúl
245 0 _aTaller de Materiales 1 :
_b Moldería /
_cSaúl Grimaldo López
260 _bUniversidad Nacional Autónoma de México
300 _a43 p.
650 _aDISEÑO INDUSTRIAL
942 _cBK
999 _c7597
_d7597